000 00946nam a22002777a 4500
003 KOHA_MİRAKIL
005 20260416061715.0
008 260415b tu ||||| |||| 00| 0 tur d
020 _a9789755336480
040 _aTR-AnABB
_btur
_cTR-AnABB
041 _atur
082 _a923.3
_bBOR 2010
100 1 _aBoratav, Korkut,
245 1 0 _aAydınlık bir adam /
_cKorkut Boratav ; söyleşi: Hakan Güldağ, İbrahim Ekinci
250 _a1. baskı
260 _aAnkara :
_bİmge Kitabevi yayınları,
_c2011
300 _a375 sayfa ;
_c20 cm
500 _aKitap içerisinde Prof. Dr. Ruşen Keleş'in satır altı çizimleri ve vurgular mevcuttur.
500 _aDizin vardır.
600 _aBoratav, Korkut, Biyografi
_93478
650 0 4 _aBiyorafi, İktisatçılar
700 _aGüldağ, Hakan,
_esöyleşi
_93480
700 _aEkinci, İbrahim
_esöyleşi
_93481
900 _bCan ÇELIK
942 _2ddc
_cBK
999 _c10273
_d10273